Zahraničnoobchodné vzťahy SR s Pobaltskými krajinami diplomová práca

Na minha lista:
Detalhes bibliográficos
Autor principal: Verešová, Veronika
Autor Corporativo: Obchodná fakulta EU. Katedra medzinárodného obchodu
Outros Autores: Kašťáková, Elena, 1974-
Formato: Livro
Idioma:eslovaco
Publicado em: Bratislava 2009
Tags: Adicionar Tag
Sem tags, seja o primeiro a adicionar uma tag!

MARC

LEADER 00000nam$a2200000$$$4500
001 0101149
005 20240318133959.3
041 0 |a slo 
044 |a SK 
245 1 0 |a Zahraničnoobchodné vzťahy SR s Pobaltskými krajinami  |b diplomová práca  |c Veronika Verešová ; škol. Elena Kašťáková 
264 1 |a Bratislava  |c 2009 
300 |a 106 s. 
100 1 |a Verešová, Veronika 
700 1 |a Kašťáková, Elena, 1974- 
710 2 |a Obchodná fakulta EU. Katedra medzinárodného obchodu